<?xml version="1.0" encoding="UTF-8"?>
<collection xmlns="http://www.loc.gov/MARC21/slim">
 <record>
  <leader>03315nam a2200265 a 4500</leader>
  <controlfield tag="001">1/47434</controlfield>
  <controlfield tag="008">171003s1997    gr       b    00010 gre  </controlfield>
  <datafield tag="020" ind1=" " ind2=" ">
   <subfield code="a">960906230X</subfield>
  </datafield>
  <datafield tag="035" ind1=" " ind2=" ">
   <subfield code="l">50416</subfield>
  </datafield>
  <datafield tag="040" ind1=" " ind2=" ">
   <subfield code="a">GR-PeUP</subfield>
  </datafield>
  <datafield tag="082" ind1="0" ind2="0">
   <subfield code="a">796.069 ΜΑΝ</subfield>
  </datafield>
  <datafield tag="245" ind1="0" ind2="3">
   <subfield code="a">Το μάνατζμεντ του αθλητισμού :</subfield>
   <subfield code="b">εισαγωγή σε βασικά θέματα οργάνωσης και διοίκησης αθλητικών οργανισμών /</subfield>
   <subfield code="c">Ελληνική Εταιρεία Διοίκησης Αθλητισμού ;επιμ. Δήμητρα Παπαδημητρίου με τη συνεργασία του Δημήτρη Γαργαλιάνου.</subfield>
  </datafield>
  <datafield tag="260" ind1="0" ind2=" ">
   <subfield code="a">Αθήνα :</subfield>
   <subfield code="b">Αθλότυπο,</subfield>
   <subfield code="c">1997.</subfield>
  </datafield>
  <datafield tag="300" ind1=" " ind2=" ">
   <subfield code="a">180 σ. ;</subfield>
   <subfield code="c">24 εκ.</subfield>
  </datafield>
  <datafield tag="500" ind1=" " ind2=" ">
   <subfield code="a">Περιεχόμενα: Πρόλογος, εισαγωγικό σημείωμα, Προσδιορίζοντας το χώρο του αθλητικού μάνατζμεντ - Μέρος πρώτο: Το μάνατζμεντ και οι λειτουργίες του (Η εξέλιξη των αρχών μάνατζμεντ, Σχεδιασμός οργανωτικού έργου, Οργάνωση, Διοίκηση ανθρώπινου δυναμικού, Λήψη αποφάσεων, Ηγεσία, Έλεγχος και αξιολόγηση της οργανωτικής απόδοσης, Διοικητικές αρμοδιότητες του προπονητή) - Μέρος δεύτερο: Βασικά θέματα οργανωτικής θεωρίας (Στρατηγικός προγραμματισμός, Αθλητικός οργανισμός και εξωτερικό περιβάλλον, Το μάνατζμεντ της αλλαγής) - Μέρος τρίτο: Αθλητική οικονομία και μάρκετινγκ (Στοιχεία αθλητικής οικονομίας, Αθλητικό σωματείο :Πηγές χρηματοδότησης, Εισαγωγή στο αθλητικό μάρκετινγκ, Χορηγία, Αθλητισμός και επιχειρήσεις) - Μέρος τέτερτο: Ειδικά θέμετα του αθλητικού μάνατζμεντ (Κράτος και αθλητισμός, Επαγγελματική προσέγγιση του αθλητικού μάνατζμεντ, Επαγγελματική κατάρτιση του αθλητικού μάνατζερ).</subfield>
  </datafield>
  <datafield tag="504" ind1=" " ind2=" ">
   <subfield code="a">Περιέχει βιβλιογραφία.</subfield>
  </datafield>
  <datafield tag="650" ind1=" " ind2="4">
   <subfield code="a">Αθλητισμός</subfield>
   <subfield code="x">Διοίκηση και οργάνωση.</subfield>
  </datafield>
  <datafield tag="650" ind1=" " ind2="4">
   <subfield code="a">Sports</subfield>
   <subfield code="x">Management and organization.</subfield>
  </datafield>
  <datafield tag="650" ind1=" " ind2="4">
   <subfield code="a">Sports administration.</subfield>
  </datafield>
  <datafield tag="700" ind1="1" ind2=" ">
   <subfield code="a">Παπαδημητρίου, Δήμητρα.</subfield>
  </datafield>
  <datafield tag="700" ind1="1" ind2=" ">
   <subfield code="a">Γαργαλιάνος, Δημήτρης Π.</subfield>
  </datafield>
  <datafield tag="710" ind1="2" ind2="0">
   <subfield code="a">Ελληνική Εταιρεία Διοίκησης Αθλητισμού.</subfield>
  </datafield>
  <datafield tag="852" ind1=" " ind2=" ">
   <subfield code="a">INST</subfield>
   <subfield code="b">UNIPILB</subfield>
   <subfield code="c">MAIN</subfield>
   <subfield code="e">20201021</subfield>
   <subfield code="h">796.069 ΜΑΝ</subfield>
   <subfield code="p">00178425</subfield>
   <subfield code="q">00178425</subfield>
   <subfield code="t">LOAN</subfield>
   <subfield code="y">0</subfield>
   <subfield code="4">3</subfield>
  </datafield>
  <datafield tag="852" ind1=" " ind2=" ">
   <subfield code="a">INST</subfield>
   <subfield code="b">UNIPILB</subfield>
   <subfield code="c">MAIN</subfield>
   <subfield code="e">20171003</subfield>
   <subfield code="h">796.069 ΜΑΝ</subfield>
   <subfield code="p">00178426</subfield>
   <subfield code="q">00178426</subfield>
   <subfield code="t">LOAN</subfield>
   <subfield code="y">0</subfield>
   <subfield code="4">2</subfield>
  </datafield>
  <datafield tag="852" ind1=" " ind2=" ">
   <subfield code="a">INST</subfield>
   <subfield code="b">UNIPILB</subfield>
   <subfield code="c">MAIN</subfield>
   <subfield code="e">20171003</subfield>
   <subfield code="h">796.069 ΜΑΝ</subfield>
   <subfield code="p">00178427</subfield>
   <subfield code="q">00178427</subfield>
   <subfield code="t">LOAN</subfield>
   <subfield code="y">0</subfield>
   <subfield code="4">1</subfield>
  </datafield>
 </record>
</collection>
